Fallout 3: All companions - Statistics

General Stats
  • This quiz has been taken 32 times
  • The average score is 5 of 8
Answer Stats
Answer % Correct
Dogmeat
93%
Fawkes
86%
Charon
69%
Jericho
66%
Butch DeLoria
62%
Star Paladin Cross
34%
Clover
31%
Sergeant RL-3
21%
No matching quizzes found
Score Distribution
Percent of People with Each Score
Percentile by Number Answered
Your Score History
You have not taken this quiz